书目信息 |
| 题名: |
铁笼,还是乌托邦
|
|
| 作者: | 斯皮内洛 著 ;李伦 译 | |
| 分册: | ||
| 出版信息: | 北京 北京大学出版社 2007 |
|
| 页数: | 15,237页 | |
| 开本: | 23cm | |
| 丛书名: | 博雅同文馆 | |
| 单 册: | ||
| 中图分类: | B82-057 , D912.104 | |
| 科图分类: | ||
| 主题词: | 计算机网络--伦理学--研究 , 计算机网络--科技法--研究 , 计算机网络 , 伦理学 , 科技法 | |
| 电子资源: | ||
| ISBN: | 978-7-301-12531-1 | |
| 000 | 01300oam2 2200361 450 | |
| 001 | 1259417234 | |
| 005 | 20120930163057.43 | |
| 010 | @a978-7-301-12531-1@dCNY24.00 | |
| 100 | @a20070318d2007 em y0chiy50 ea | |
| 101 | 1 | @achi@ceng |
| 102 | @aCN@b110000 | |
| 105 | @ay z 001yy | |
| 200 | 1 | @a铁笼,还是乌托邦@9tie long , hai shi wu tuo bang@e网络空间的道德与法律@dCyberEthics@emorality and law in cyberspace@f(美)理查德·斯皮内洛著@g李伦等译@zeng |
| 210 | @a北京@c北京大学出版社@d2007 | |
| 215 | @a15,237页@d23cm | |
| 225 | 2 | @a博雅同文馆@i北京大学应用伦理学丛书 |
| 305 | @a据原书第2版译出 | |
| 330 | @a本书探讨了网络空间伦理困境的复杂性及与个人生活的休戚相关性,激发读者思考有关互联网管理方面的话题。 | |
| 461 | 0 | @12001 @a博雅同文馆 |
| 462 | 0 | @12001 @a北京大学应用伦理学丛书 |
| 510 | 1 | @aCyberEthics@emorality and law in cyberspace@zeng |
| 517 | 1 | @a网络空间的道德与法律@9wang luo kong jian de dao de yu fa lv |
| 606 | 0 | @a计算机网络@x伦理学@x研究 |
| 606 | 0 | @a计算机网络@x科技法@x研究 |
| 606 | 0 | @a计算机网络 |
| 606 | 0 | @a伦理学 |
| 606 | 0 | @a科技法 |
| 690 | @aB82-057@v4 | |
| 690 | @aD912.104@v4 | |
| 701 | 0 | @c(美)@a斯皮内洛@9si pi nei luo@4著 |
| 702 | 0 | @a李伦@9li lun@f(1965~)@4译 |
| 801 | 0 | @aCN@b91MARC@c20101222 |
| 905 | @a10447@dB82-057@eJY207 | |
| 铁笼,还是乌托邦:网络空间的道德与法律=CyberEthics:morality and law in cyberspace/(美)理查德·斯皮内洛著/李伦等译.-北京:北京大学出版社,2007 |
| 15,237页;23cm.-(博雅同文馆.北京大学应用伦理学丛书) |
| ISBN 978-7-301-12531-1:CNY24.00 |
| 本书探讨了网络空间伦理困境的复杂性及与个人生活的休戚相关性,激发读者思考有关互联网管理方面的话题。 |
| ● |
| 相关链接 |
|
|
|
|
正题名:铁笼,还是乌托邦
索取号:B82-057/JY207
 
预约/预借
| 序号 | 登录号 | 条形码 | 馆藏地/架位号 | 状态 | 备注 |
| 1 | 7829828 | 278298281 | 学院路分馆/ [索取号:B82-057/JY207] | 在馆 | |
| 2 | 7829829 | 278298290 | 学院路分馆/ [索取号:B82-057/JY207] | 在馆 |